000 00445nam a22001697a 4500
005 20230818112431.0
008 230818b |||||||| |||| 00| 0 eng d
020 _a978-93-89587-88-3
041 _aeng
100 _aDUTTA, D C AND KONAR, HIRALAL
_97988
245 _aTEXTBOOK OF GYNECOLOGY INCLUDING CONTRACEPTION
250 _a8TH ED,
260 _aNEW DELHI
_bJAYPEE BROTHERS
_c2023
300 _a586;P
650 _aBPT
_97989
942 _cBK
999 _c8391
_d8389